| 000 | 01030cam a2200325 i 4500 | ||
|---|---|---|---|
| 001 | 5715649 | ||
| 003 | EG-ScBUE | ||
| 005 | 20230606123352.0 | ||
| 008 | 741121s1968 ru k f 001 0 eng d | ||
| 035 | _a(OCoLC)ocn687212587 | ||
| 035 | _a5715649 | ||
| 040 |
_aAKR _beng _erda _cAKR _dOCL _dYUS _dWaOLN _dCtY _dEG-ScBUE |
||
| 041 | 1 |
_aeng _hrus |
|
| 082 | 0 | 4 |
_222 _a531.01517 _bTAR |
| 100 | 1 |
_aTarg, S. _q(Semen) _eauthor. |
|
| 245 | 1 | 0 |
_aTheoretical mechanics : _ba short course / _cS. Targ ; translated from the Russian by V. Talmy. |
| 264 | 1 |
_aMoscow : _bMir Publishers, _c1968. |
|
| 300 |
_a447 pages : _bforms ; _c23 cm |
||
| 336 |
_2rdacontent _atext _btxt |
||
| 337 |
_2rdamedia _aunmediated _bn |
||
| 338 |
_2rdacarrier _avolume _bnc |
||
| 500 | _aIncludes index. | ||
| 546 | _aText in English ; translated from the original Russian. | ||
| 650 | 7 |
_aMechanics, Analytic. _2BUEsh |
|
| 655 | _vReading book | ||
| 700 | 1 |
_aTalmy, Vladimir, _etranslator. |
|
| 942 |
_2ddc _cBB |
||
| 947 | _aPLL4538 | ||
| 948 | _aOCLC RECON | ||
| 999 |
_c30458 _d30429 |
||